000 00451nam a2200181Ia 4500
003 OSt
005 20221214155701.0
008 210210b1918 xxu||||| |||| 00| 0 eng d
040 _cAL
041 _aeng
082 _a954/47
100 _aBROWN (Percy)
_966014
245 _aHeritage of India series, Indian painting
260 _aLondon
_bOxford University Press
_c1918
690 _aIndian History
_966015
906 _a025806
942 _2ddc
_cBK
999 _c151720
_d151720